Materials and devices for smart systems : symposium held December 1-5, 2003, Boston, Massachusetts, U.S.A. /

Bibliographic Details
Corporate Authors: Materials Research Society. Fall Meeting, Symposium on Materials and Devices for Smart Systems
Other Authors: Furuya, Yasubumi
Format: Conference Proceeding Book
Language:English
Published: Warrendale, Pa. : Materials Research Society, [2004]
Series:Materials Research Society symposia proceedings ; v. 785.
Subjects:

MARC

Tag First Indicator Second Indicator Subfields
LEADER 00000cam a2200000Ia 4500
001 in00001998821
005 20151031113207.0
008 040623s2004 paua b 101 0 eng d
020 |a 1558997237 
035 |a (OCoLC)ocm55702199 
040 |a LHL  |c LHL  |d GZM  |d TXA  |d UtOrBLW 
049 |a TXAM 
090 |a TA418.9.S62  |b M35 2004 
245 0 0 |a Materials and devices for smart systems :  |b symposium held December 1-5, 2003, Boston, Massachusetts, U.S.A. /  |c editors: Yasubumi Furuya [and others]. 
264 1 |a Warrendale, Pa. :  |b Materials Research Society,  |c [2004] 
264 4 |c ©2004 
300 |a xv, 525 pages :  |b illustrations ;  |c 24 cm. 
336 |a text  |b txt  |2 rdacontent 
337 |a unmediated  |b n  |2 rdamedia 
338 |a volume  |b nc  |2 rdacarrier 
490 1 |a Materials Research Society symposium proceedings ;  |v v. 785 
500 |a "This volume contains 70 papers from Symposium D, 'Materials and Devices for Smart Systems,' held December 1-5 at the 2003 MRS Fall Meeting in Boston, Massachusetts."--P. xv. 
504 |a Includes bibliographical references and indexes. 
650 0 |a Smart materials  |v Congresses. 
650 0 |a Piezoelectric materials  |v Congresses. 
650 0 |a Ferroelectric devices  |v Congresses. 
650 0 |a Dielectric devices  |v Congresses. 
700 1 |a Furuya, Yasubumi. 
710 2 |a Materials Research Society.  |b Fall Meeting  |d (2003 :  |c Boston, Mass.) 
711 2 |a Symposium on Materials and Devices for Smart Systems  |d (2003 :  |c Boston, Mass.) 
830 0 |a Materials Research Society symposia proceedings ;  |v v. 785. 
994 |a E0  |b TXA 
948 |a cataloged  |b h  |c 2004/9/20  |d c  |e jlanham  |f 2:56:24 pm 
999 |a MARS 
999 f f |s 03b7ce8b-b625-3d5c-a558-b0328263e758  |i 32fb842f-697d-38e0-88eb-e6d444e774c6  |t 0 
952 f f |p ric  |a Texas A&M University  |b Rellis Campus  |c Joint Library Facility  |d Remote Storage  |t 0  |e TA418.9.S62 M35 2004  |h Library of Congress classification  |i unmediated -- volume  |m A14831331952 
998 f f |a TA418.9.S62 M35 2004  |t 0  |l Remote Storage